01393cam a22003491 4500001001300000003000400013005001700017008004100034010001700075035001900092040004700111042001200158050002200170051003000192082001400222110006400236245010800300260002300408300005200431490002100483500006000504500010200564500004500666504002500711650006200736650004200798650003900840700003800879700003000917810007900947999001701026gs 42000013 DLC20260227111347.0780228s1941 msuabc b 000 0 eng c ags 42000013  a(OCoLC)3677746 aU.S. Geol. survey. LibrarycOTdOCoLCdDLC apremarc00aQE129b.A2 no. 44 aTN24.M7bA5 1941c2nd set a553.097622 aMississippi Geological, Economic, and Topographical Survey.10aForrest County mineral resources:bGeology,cby Vellora Meek Foster; Tests, by Thomas Edwin McCutcheon. bUniversity,c1941. a87 p.billus., port., fold map, tables.c23 cm.1 aIts Bulletinv44 aAt head of title: Mississippi. State Geological Survey. a"Prepared in cooperation with the Forrest citizens and the WPA as a report on O.P. 465-62-3-275." a"Vellora Meek Foster, 1904-1941": p. [7] aBibliography: p. 59. 0aMines and mineral resourceszMississippizForrest County. 0aGeologyzMississippizForrest County. 0aClayzMississippizForrest County.1 aFoster, Vellora Meek,d1904-1941.1 aMcCutcheon, Thomas Edwin.2 aMississippi Geological, Economic, and Topographical Survey.tBulletinv44. c27761d27761